| 000 | 00610nam a2200193Ia 4500 | ||
|---|---|---|---|
| 003 | GCL | ||
| 008 | 140319s9999 xx 000 0 ara d | ||
| 020 | _a034509953 | ||
| 040 |
_aGCL / _cGCL |
||
| 082 | 0 | 4 |
_a341.024 _bم م |
| 245 | 1 | 0 | _aمن اجل اصلاح جامعة الدول العربية |
| 250 | _aالاولى | ||
| 260 |
_aبيروت : _bمركز دراسات الوحدة العربية ، _c2004 |
||
| 300 |
_a754 ص ؛ _c24 سم |
||
| 650 | 0 | 4 | _aجامعة الدول العربية |
| 650 | 0 | 4 | _aالمنظمات الدولية |
| 650 | 0 | 4 | _aالمجتمع المدنى |
| 942 |
_2ddc _cBK |
||
| 999 |
_c32909 _d32909 |
||